Score 0/21 Timer 11:00
0 Plays Today
% Correct
But we made ours with a special rabbit ear on the top so we could pipe in some music.
93.8%
I'm part gay.
93.5%
Anyway, I'm sorry.
92.5%
You just smile and act natural, and then you sucker-punch him.
92.5%
I thought this was supposed to be a puff piece!
91.5%
Just do what you gotta do to cover your ass, Bill.
91%
I wish it didn't require the 'seriously,' but thank you.
91%
Yeah, well, you're pregnant.
90.5%
He's an unpaid intern.
89.5%
Yeah, but you stitched me onto the dolphin, and I want you to know how much that means to me.
89%
Anyone who wants to tag along is more than welcome.
88.5%
% Correct
Thanks a lot for not picking me.
88.5%
Otherwise I look sort of like a Day-Dream-Johnny, you know?
87.3%
Possibly with dynamite.
86.8%
I hear what you're saying, but I think you misjudge the guy.
86.5%
If yes, do.
85%
They might have another set. Just blow it up.
84.3%
Not if I don't see you first, sonny.
83.5%
What I have a problem with is some wombat coming on my boat trying to railroad me.
82.5%
It's all really happening!
74.6%
Klaus, Ogata, put out the deck fires before we sink.
69.6%
Remove Ads.
Support Sporcle.
Get the best of Sporcle when you Go Orange. This ad-free experience offers more features, more stats, and more fun while also helping to support Sporcle. Thank you for becoming a member.

You're not logged in!

Compare scores with friends on all Sporcle quizzes.
OR
Log In

Show Comments

Extras

Top Quizzes Today


Score Distribution

Your Account Isn't Verified!

In order to create a playlist on Sporcle, you need to verify the email address you used during registration. Go to your Sporcle Settings to finish the process.

Report this User

Report this user for behavior that violates our Community Guidelines.

Details: